000 01147njm a2200313Ia 4500
001 23883
003 IT-RoPAU
005 20220918181213.0
008 131025s9999 xx 000 0 und d
040 _aIT-RoPAU
040 _cIT-RoPAU
999 _c103744
_d103744
999 _bn.d.
100 _aAA.VV.
_9794
100 _eAutore musica
_96954
100 _gCodice autore musica SPICS: 12000
_9796
245 _aSoul of Spain (The), vol.1 (Lp Ss 510)
250 _a1a ed.
260 _aMILANO
260 _bBLUEBELL RECORDS
300 _aDISCO
500 _aMusica folk spagnola.
505 _aEspana - Domingo en Seville - Macarenas - La violetera - Espana cani - Malaguena
511 _aOrchestra 101 String diretta da Muller Lampertz Rich
650 _aFOLK [DISCHI]
_eCodice MATERIA SPICS: 9950
_91209
700 _aKelly Michael
_dCodice autore musica SPICS: 19461
_eAutore musica
_pEspana - Domingo en Seville - Macarenas - La violetera
_96955
700 _aMarquina
_dCodice autore musica SPICS: 14394
_eAutore musica
_pEspana cani
_96956
700 _aLecuona M.
_dCodice autore musica SPICS: 14010
_eAutore musica
_pMalaguena
_96957
942 _cMD
_2ddc